|
|
|
|
| LEADER |
00000cam a2200000 7i4500 |
| 001 |
0000001705 |
| 002 |
000001856 |
| 005 |
20080111.0 |
| 020 |
|
|
|a T000000232
|
| 090 |
0 |
0 |
|a 080
|b MAL
|
| 110 |
1 |
|
|a Malaysia
|c Arkib Negara
|
| 245 |
0 |
0 |
|a Ucapan-ucapan Dato' Seri Dr.mahathir Mohamad 1981
|
| 260 |
|
|
|a Kuala Lumpur :
|b Arkib Negara Malaysia ,
|c 1981
|
| 300 |
|
|
|a 168p. ;
|c 22cm.
|
| 500 |
|
|
|a Koleksi Perdana Menteri Malaysia Aras 3
|
| 600 |
0 |
0 |
|a Mahathir bin Mohamad ,
|c Tun Dr. ,
|d 1925-
|x Speeches,addresses,etc
|
| 650 |
0 |
0 |
|a Prime Ministers
|z Malaysia
|x Inaugural addresses
|
| 999 |
|
|
|a 034095
|b BUKU
|c MALAYSIANA
|e PERPUSTAKAAN KOMUNITI PETALING JAYA
|